Bilecik Bilecik Bilecik Bilecik Bilecik

Selçuklu devri Konya yapı kitâbeleri : (Record no. 8564)

MARC details
000 -BAŞLIK
Sabit Uzunluktaki Kontrol Alanı 01343nam a22003617a 4500
001 - KONTROL NUMARASI
Control Dosyası 0008592
003 - KONTROL NUMARASI KİMLİĞİ
Kontrol Alanı KOHA_MİRAKIL
005 - EN SON İŞLEM TARİHİ ve ZAMANI
Kontrol Alanı 20260207001641.0
007 - FİZİKSEL TANIM SABİT ALAN - GENEL BİLGİ
Sabit uzunluklu kontrol alanı ta
008 - SABİT UZUNLUKTAKİ VERİ ÖGELERİ - GENEL BİLGİ
Sabit Alan 091009b2001 tu |||gr||||#||||0|tur |
020 ## - ISBN - ULUSLARARASI STANDART KİTAP NUMARASI
Isbn 9751614600
Kullanılabilirlik koşulları TL6
040 ## - KATALOGLAMA KAYNAĞI
Özgün Kataloglama Kurumu TR-BiSEU
Kataloglama Dili tur
Çeviri Kurumu TR-BiSEU
Açıklama Kuralları rda
041 0# - DİL KODU
Metin ya da ses kaydının dil kodu tur
044 ## - YAYINLAYAN/ÜRETEN KURULUŞUN ÜLKE KODU
ISO country code tu
050 ## - SINIFLAMA ve YER NUMARASI
Sınıflama Numarası CN1155
Yer Numarası .D87 2001
100 1# - KİŞİ ADI
Yazar Adı (Kişi adı) Duran, Remzi.
245 1# - ESER ADI BİLDİRİMİ
Başlık Selçuklu devri Konya yapı kitâbeleri :
Alt Eseradı vb. inşa ve ta'mir/
Sorumluluk Bildirimi Remzi Duran ; Remzi Duran.
264 #1 - ÜRERİM, YAYIN, DAĞITIM ve TELİF BİLDİRİMİ
Yayın yeri Ankara :
Yayınlayan Atatürk Kültür, Dil ve Tarih Yüksek Kurumu. Türk Tarih Kurumu
Yayın tarihi 2001
300 ## - FİZİKSEL TANIMLAMA
Sayfa, Cilt vb. VIII, 76 sayfa, [35] sayfa: resimli; 28 cm.
336 ## - İÇERİK TÜRÜ
Content type term metin
Content type code txt
Source rdacontent
337 ## - MEDYA TÜRÜ
Media type term aracısız
Media type code n
Source rdamedia
338 ## - TAŞIYICI TÜRÜ
Carrier type term cilt
Carrier type code nc
Source rdacarrier
490 1# - DİZİ BİLDİRİMİ
Dizi Bildirimi Atatürk Kültür, Dil ve Tarih Yüksek Kurumu Türk Tarih Kurumu Yayınları ;
Cilt Numarası VI.
490 1# - DİZİ BİLDİRİMİ
Dizi Bildirimi dizi - sayı 54
500 ## - GENEL NOT
Genel Not Kaynakça ve dizin var.
650 #0 - KONU BAŞLIĞI EK GİRİŞ - KONU TERİMİ
Konusal terim veya coğrafi ad Epitaphs--Turkey--Konya.
9 (RLIN) 21525
650 #0 - KONU BAŞLIĞI EK GİRİŞ - KONU TERİMİ
Konusal terim veya coğrafi ad Inscriptions, Turkish--Turkey--Konya.
9 (RLIN) 21526
650 #0 - KONU BAŞLIĞI EK GİRİŞ - KONU TERİMİ
Konusal terim veya coğrafi ad Inscriptions, Islamic--Turkey--Konya.
9 (RLIN) 21527
650 #0 - KONU BAŞLIĞI EK GİRİŞ - KONU TERİMİ
Konusal terim veya coğrafi ad Architectural inscriptions--Turkey--Konya.
9 (RLIN) 21528
830 1# - SERİ EK GİRİŞİ - TEKBİÇİM ESER ADI
Tekbiçim Başlık Atatürk Kültür, Dil ve Tarih Yüksek Kurumu Türk Tarih Kurumu Yayınları ;
Volume number/sequential designation VI.
9 (RLIN) 10433
830 1# - SERİ EK GİRİŞİ - TEKBİÇİM ESER ADI
Tekbiçim Başlık dizi - sayı 54
9 (RLIN) 21529
942 ## - EK GİRİŞ ÖGELERİ (KOHA)
Source of classification or shelving scheme Library of Congress Classification
Koha item type Book
Holdings
Materyal Türü Kalıcı Konum Mevcut Konum Raf Yeri Sınıflandırma Kaynağı Edinim Bilgisi Ana Konular Alt Konular Yer Numarası Demirbaş Numarası Fatura Tarihi Maliyet, Alış Fiyatı Maliyet, Yenileme Fiyatı Geri Çekilme Durumu Kayıp Durumu Hasarlı Durumu Kredi için değil Kayıt Tarih Toplam Ödünçverme Son Görülme Tarihi Son Kontrol Tarihi Satın Alma Notu
Book Prof. Dr. Azmi Özcan Kütüphanesi Prof. Dr. Azmi Özcan Kütüphanesi Uluğbey Salonu Library of Congress Classification Satın TARİHE YARDIMCI BİLİMLER Yazıtlar, Epigrafi CN1155 .D87 2001 0008592 09/09/2009 6.00 6.00         09/10/2009   05/12/2024 05/12/2024 283